|
|
|
|
| LEADER |
01458nam a2200397Ia 4500 |
| 001 |
EBC169025 |
| 003 |
MiAaPQ |
| 005 |
20200520144314.0 |
| 006 |
m o d | |
| 007 |
cr cn||||||||| |
| 008 |
981022s1999 enk sb 001 0 eng d |
| 010 |
|
|
|z 98047961
|
| 020 |
|
|
|z 0203049314
|
| 020 |
|
|
|z 0415207622 (hardbound : alk. paper)
|
| 020 |
|
|
|z 0415207630 (pbk. : alk. paper)
|
| 035 |
|
|
|a (MiAaPQ)EBC169025
|
| 035 |
|
|
|a (Au-PeEL)EBL169025
|
| 035 |
|
|
|a (CaPaEBR)ebr10054735
|
| 035 |
|
|
|a (CaONFJC)MIL18271
|
| 035 |
|
|
|a (OCoLC)437077848
|
| 040 |
|
|
|a MiAaPQ
|c MiAaPQ
|d MiAaPQ
|
| 050 |
|
4 |
|a HB171.5
|b .T13 1999
|
| 082 |
0 |
4 |
|a 330
|2 21
|
| 100 |
1 |
|
|a Tabb, William K.
|
| 245 |
1 |
0 |
|a Reconstructing political economy
|h [electronic resource] :
|b the great divide in economic thought /
|c William K. Tabb.
|
| 260 |
|
|
|a London ;
|a New York :
|b Routledge,
|c 1999.
|
| 300 |
|
|
|a 287 p.
|
| 490 |
1 |
|
|a Contemporary political economy series
|
| 504 |
|
|
|a Includes bibliographical references (p. [250]-280) and index.
|
| 533 |
|
|
|a Electronic reproduction. Ann Arbor, MI : ProQuest, 2015. Available via World Wide Web. Access may be limited to ProQuest affiliated libraries.
|
| 650 |
|
0 |
|a Economics.
|
| 650 |
|
0 |
|a Economics
|x History.
|
| 655 |
|
4 |
|a Electronic books.
|
| 710 |
2 |
|
|a ProQuest (Firm)
|
| 830 |
|
0 |
|a Contemporary political economy series.
|
| 856 |
4 |
0 |
|u https://ebookcentral.proquest.com/lib/matrademy/detail.action?docID=169025
|z Click to View
|